Theories of underdevelopment
Αποθηκεύτηκε σε:
| Κύριος συγγραφέας: | |
|---|---|
| Μορφή: | Βιβλίο |
| Γλώσσα: | English |
| Δημοσίευση: |
London :
Macmillan,
1979
|
| Σειρά: | Critical social studies
|
| Θέματα: | |
| Ετικέτες: |
Προσθήκη ετικέτας
Δεν υπάρχουν, Καταχωρήστε ετικέτα πρώτοι!
|
MARC
| LEADER | 00000cam a2200000 i 4500 | ||
|---|---|---|---|
| 001 | 1/27803 | ||
| 008 | 060406s1979 eng d | ||
| 020 | |a 0-333-21190-1 | ||
| 035 | |l 10083492 | ||
| 040 | |a GR-MY-UA |b gre |e aacr | ||
| 041 | 0 | |a eng | |
| 082 | 0 | |a 306.3091724 |2 (22) | |
| 100 | 1 | |a Roxborough, ian. | |
| 245 | 1 | 0 | |a Theories of underdevelopment / |c Ian Roxborough |
| 260 | |a London : |b Macmillan, |c 1979 | ||
| 300 | |a xii, 175 σ.; |c 23 εκ. | ||
| 490 | 1 | |a Critical social studies | |
| 500 | |a Έχει γίνει ανατύπωση αυτού του βιβλίου το 1981 | ||
| 504 | |a Περιέχει βιβλιογραφία (σ. 164-170) και ευρετήριο | ||
| 651 | 0 | |a Developing countries |x Economic conditions. | |
| 651 | 0 | |a Developing countries |x Social conditions. | |
| 830 | 0 | |a Critical social studies | |
| 852 | |a INST |b LESVOS |e 20060406 |h 306.3091724 ROX |p 005100034851 |q 005100034851 |t BK |y 0 | ||
| 901 | |a BIBL1-2006-1 | ||
| 909 | |a Λ |b 126413 | ||
| 970 | |a ΚΑΡΑ |b ΓΙΑΣΕΜΗ |z 2006/04/06 | ||